She : (Record no. 87919)

MARC details
000 -LEADER
fixed length control field 00862nam a22002537a 4500
005 - DATE AND TIME OF LATEST TRANSACTION
control field 20180308142801.0
010 ## - LCCN (DPL NO)
LC control number B-536811-823
020 ## - INTERNATIONAL STANDARD BOOK NUMBER
International Standard Book Number 9788170493150
Terms of availability 495.00
035 ## - SYSTEM CONTROL NUMBER
System control number B-536811-823
035 ## - SYSTEM CONTROL NUMBER
System control number B-667706
037 ## - SOURCE OF ACQUISITION
Source of stock number/acquisition KKP/Ven
Stock number dpl
082 ## - DEWEY DECIMAL CLASSIFICATION NUMBER
Classification number N
100 ## - MAIN ENTRY--PERSONAL NAME
Personal name Goel, Sangeeta
245 ## - TITLE STATEMENT
Title She :
Statement of responsibility, etc by Sangeeta Goel
Remainder of title a woman from India /
260 ## - PUBLICATION, DISTRIBUTION, ETC. (IMPRINT)
Place of publication, distribution, etc New Delhi
Name of publisher, distributor, etc Manas Publications
Date of publication, distribution, etc 2011
270 ## - ADDRESS
Address 4402/5-A, Ansari Road Darya Ganj
City New Delhi
Postal code 110002
300 ## - PHYSICAL DESCRIPTION
Extent 272 p.
Dimensions 22cm(Hb)
500 ## - GENERAL NOTE
General note Includes index.
650 ## - SUBJECT ADDED ENTRY--TOPICAL TERM
Topical term or geographic name as entry element Terrorism
General subdivision Prevention.
650 ## - SUBJECT ADDED ENTRY--TOPICAL TERM
Topical term or geographic name as entry element Terrorism
General subdivision Psychological aspects.
942 ## - ADDED ENTRY ELEMENTS (KOHA)
Source of classification or shelving scheme Dewey Decimal Classification
Item type English Books
Call number suffix GOE
Classification part N
Holdings
Withdrawn status Lost status Not for loan Collection code Home library Current library Date acquired Source of acquisition Cost, normal purchase price Full call number Barcode Copy number Cost, replacement price Koha item type
      Fiction Ashok Vihar Ashok Vihar 08/03/2018 KKP/278/24.2.2017/420/15.2.2017/17.3.2017 495.00 N GOE B-667706 1 495.00 English Books
      Fiction Bawana Bawana 19/08/2014 KKP/BL3706/28.03.2014/146/25.03.2014/31.03.2014 495.00 N GOE B-536819 1 495.00 English Books
      Fiction Central Library Central Library 19/08/2014 KKP/BL3706/28.03.2014/146/25.03.2014/31.03.2014 495.00 N GOE B-536811 1 495.00 English Books
      Fiction Janak Puri Janak Puri 19/08/2014 KKP/BL3706/28.03.2014/146/25.03.2014/31.03.2014 495.00 N GOE B-536815 1 495.00 English Books
      Fiction Kasturba Gandhi Marg Kasturba Gandhi Marg 19/08/2014 KKP/BL3706/28.03.2014/146/25.03.2014/31.03.2014 495.00 N GOE B-536813 1 495.00 English Books
      Fiction Narela Narela 19/08/2014 KKP/BL3706/28.03.2014/146/25.03.2014/31.03.2014 495.00 N GOE B-536821 1 495.00 English Books
      Fiction New Rohtak Road New Rohtak Road 19/08/2014 KKP/BL3706/28.03.2014/146/25.03.2014/31.03.2014 495.00 N GOE B-536820 1 495.00 English Books
      Fiction Patel Nagar Patel Nagar 19/08/2014 KKP/BL3706/28.03.2014/146/25.03.2014/31.03.2014 495.00 N GOE B-536812 1 495.00 English Books
      Fiction Patel Nagar Patel Nagar 19/08/2014 KKP/BL3706/28.03.2014/146/25.03.2014/31.03.2014 495.00 N GOE B-536823 1 495.00 English Books
      Fiction Peshwa Road Peshwa Road 19/08/2014 KKP/BL3706/28.03.2014/146/25.03.2014/31.03.2014 495.00 N GOE B-536814 1 495.00 English Books
      Fiction R.K.Puram-8 R.K.Puram-8 19/08/2014 KKP/BL3706/28.03.2014/146/25.03.2014/31.03.2014 495.00 N GOE B-536817 1 495.00 English Books
      Fiction Sarojini Nagar Sarojini Nagar 19/08/2014 KKP/BL3706/28.03.2014/146/25.03.2014/31.03.2014 495.00 N GOE B-536816 1 495.00 English Books
      Fiction Shahdara Branch Shahdara Branch 19/08/2014 KKP/BL3706/28.03.2014/146/25.03.2014/31.03.2014 495.00 N GOE B-536822 1 495.00 English Books
      Fiction Vinoba Puri Vinoba Puri 19/08/2014 KKP/BL3706/28.03.2014/146/25.03.2014/31.03.2014 495.00 N GOE B-536818 1 495.00 English Books

© Delhi Public Library
Hit Counter
free hit counter